| 000 | 00864nam a2200253 a 4500 | ||
|---|---|---|---|
| 001 | 52835 | ||
| 003 | BD-RjUL | ||
| 005 | 20211209075851.0 | ||
| 008 | 160927s1994 bg a|||| ||| 000 0 ben d | ||
| 020 |
_a9840730800 _c: Tk. 105.00 |
||
| 035 | _a(BD-RjUL)52955 | ||
| 040 |
_aBD-RjUL _bben _cBD-RjUL _dBD-RjUL |
||
| 041 | _aben | ||
| 082 |
_223 _a592.3 _bMUH 1994 |
||
| 100 | 1 |
_aমুত্তালিব, এস এ _9148865 |
|
| 245 | 1 | 0 |
_aহেলমিনথস / _cএস এ মুত্তালিব |
| 260 |
_aঢাকা : _bবাংলা একাডেমী, _c১৯৯৪ [১৪০১] |
||
| 300 |
_a[৬] ১৮৩ পৃ. _bচিত্র, ; _c২১ সেমি. |
||
| 650 |
_aহেলমিনথস _9157995 |
||
| 650 |
_aক্রিমি _9157996 |
||
| 650 |
_aHelminthes _9157997 |
||
| 650 |
_aWorms _9157998 |
||
| 942 |
_2ddc _cBK |
||
| 999 |
_c52835 _d52835 |
||